000 00397nam a2200145Ia 4500
008 100122s9999 xx 000 0 und d
082 _b53440
_a823
100 _aदळवी श्रीकांत
245 _aजीवनमरण
260 _bसंपदा दळवी
_c1997
300 _a676
630 _aजीवनमरण
730 _aजीवनमरण
942 _cBOOK
999 _c430453
_d430450